[Event "Mar del Plata op 53rd"]
[Site "Mar del Plata"]
[Date "2024.03.30"]
[Round "8"]
[White "Acosta, Pablo Ismael"]
[Black "Felgaer, Ruben Alejandro"]
[Result "1-0"]
[WhiteElo "2463"]
[BlackElo "2565"]
[PlyCount "91"]
[EventDate "2024.03.23"]
[EventType "swiss"]
[EventRounds "9"]
[EventCountry "ARG"]
[SourceTitle "CB14_2024"]
[SourceDate "2024.04.01"]
[SourceVersion "1"]
[SourceVersionDate "2024.04.01"]
[SourceQuality "1"]

1. c4 c5 2. Nc3 g6 3. Nf3 Bg7 4. e3 Nf6 5. d4 cxd4 6. Nxd4 0-0 7. Be2 d5 8. 0-0 Nc6 9. Bf3 Nxd4 10. Qxd4 Be6 11. cxd5 Nxd5 12. Qa4 Nb6 13. Qf4 Qb8 14. Rd1 Rd8 15. Qb4 Rxd1+ 16. Nxd1 Qd8 17. h3 Rc8 18. e4 Rc4 19. Qe1 Nd7 20. Ne3 Ra4 21. Nd5 Ne5 22. Bd1 Rd4 23. Bb3 Nd3 24. Qe2 Nc5 25. Bg5 Rxe4 26. Qxe4 Nxe4 27. Nxe7+ Qxe7 28. Bxe7 Bxb2 29. Rd1 Bxb3 30. axb3 b6 31. g4 Bc3 32. Rd3 Bb2 33. f3 Nc5 34. Bxc5 bxc5 35. Rd8+ Kg7 36. Ra8 Bc3 37. Kg2 a5 38. f4 h6 39. Kf3 Kf6 40. Ra6+ Kg7 41. Ke4 Bd2 42. Rc6 Bb4 43. Kd5 h5 44. g5 Bd2 45. Ke4 Bb4 46. f5 1-0

[Event "Temuco op 1st"]
[Site "Temuco"]
[Date "2023.10.07"]
[Round "3"]
[White "Daneri, Martin"]
[Black "Felgaer, Ruben Alejandro"]
[Result "0-1"]
[WhiteElo "1993"]
[BlackElo "2572"]
[PlyCount "62"]
[EventDate "2023.10.06"]
[EventType "swiss"]
[EventRounds "7"]
[EventCountry "CHI"]
[SourceTitle "Mega2024 Update 01"]
[Source "Chessbase"]
[SourceDate "2023.11.12"]
[SourceVersion "1"]
[SourceVersionDate "2023.11.12"]
[SourceQuality "1"]

1. b3 c5 2. Bb2 d6 3. e3 Nc6 4. Nf3 e5 5. d4 cxd4 6. exd4 e4 7. Nfd2 d5 8. Be2 Nf6 9. 0-0 Bd6 10. c4 0-0 11. cxd5 Nb4 12. Nc4 Nbxd5 13. Nxd6 Qxd6 14. Ba3 Nb4 15. Qd2 a5 16. Nc3 Bd7 17. Rfd1 Rfe8 18. Rac1 Rad8 19. h3 Bc6 20. Nb5 Qe7 21. Na7 Bd5 22. Qf4 e3 23. f3 Nh5 24. Qh2 Qf6 25. Bxb4 axb4 26. Nb5 Nf4 27. Re1 Nxe2+ 28. Rxe2 Qa6 29. Nc7 Qxe2 30. Nxe8 Rxe8 31. Qe5 Qb5 0-1

[Event "Julius Baer Play In"]
[Site "Chess.com INT"]
[Date "2023.07.24"]
[Round "3.49"]
[White "Bjerre, Jonas Buhl"]
[Black "Felgaer, Ruben Alejandro"]
[Result "1-0"]
[WhiteElo "2624"]
[BlackElo "2572"]
[PlyCount "57"]
[EventDate "2023.07.24"]
[EventType "swiss (rapid)"]
[EventRounds "9"]
[EventCountry "GER"]
[SourceTitle "CBM 215 Extra"]
[Source "ChessBase"]
[SourceDate "2023.09.30"]
[SourceVersion "1"]
[SourceVersionDate "2023.09.30"]
[SourceQuality "1"]

1. e4 c5 2. Nf3 Nc6 3. Nc3 g6 4. d4 cxd4 5. Nxd4 Bg7 6. Be3 Nf6 7. Bc4 0-0 8. Bb3 d6 9. f3 Bd7 10. h4 h5 11. Qd2 Rc8 12. 0-0-0 Ne5 13. Kb1 Nc4 14. Bxc4 Rxc4 15. g4 hxg4 16. h5 Nxh5 17. fxg4 Bxg4 18. Rdg1 Rxc3 19. Qxc3 Nf6 20. Qe1 Qd7 21. Qh4 Bh5 22. Nf5 Re8 23. Qg5 Nxe4 24. Qxh5 Qxf5 25. Qxf5 gxf5 26. Bh6 Nf2 27. Rxg7+ Kh8 28. Rh4 Ng4 29. Rg5 1-0

[Event "Julius Baer Play In"]
[Site "Chess.com INT"]
[Date "2023.07.24"]
[Round "5.70"]
[White "Felgaer, Ruben Alejandro"]
[Black "Danielyan, Vahe"]
[Result "1-0"]
[WhiteElo "2572"]
[BlackElo "2346"]
[PlyCount "57"]
[EventDate "2023.07.24"]
[EventType "swiss (rapid)"]
[EventRounds "9"]
[EventCountry "GER"]
[SourceTitle "CBM 215 Extra"]
[Source "ChessBase"]
[SourceDate "2023.09.30"]
[SourceVersion "1"]
[SourceVersionDate "2023.09.30"]
[SourceQuality "1"]

1. e4 c5 2. Nf3 Nc6 3. Bb5 e6 4. 0-0 Nge7 5. Re1 a6 6. Bf1 d5 7. exd5 Qxd5 8. Nc3 Qd8 9. g3 Nf5 10. Bg2 h5 11. Ne4 h4 12. d3 Be7 13. c3 b6 14. g4 h3 15. Bh1 Nh6 16. Nfg5 Bb7 17. f4 Qd7 18. Nxh3 0-0-0 19. Nhf2 f5 20. Ng5 Nxg4 21. Nxg4 fxg4 22. Qxg4 Bxg5 23. fxg5 Rxh2 24. Kxh2 Rh8+ 25. Kg3 Qxd3+ 26. Bf3 Qh7 27. Qxe6+ Kb8 28. Bf4+ Ka7 29. Rh1 1-0

[Event "Julius Baer Play In"]
[Site "Chess.com INT"]
[Date "2023.07.24"]
[Round "6.54"]
[White "Felgaer, Ruben Alejandro"]
[Black "Rasulov, Vugar Ural Oglu"]
[Result "0-1"]
[WhiteElo "2572"]
[BlackElo "2540"]
[PlyCount "120"]
[EventDate "2023.07.24"]
[EventType "swiss (rapid)"]
[EventRounds "9"]
[EventCountry "GER"]
[SourceTitle "CBM 215 Extra"]
[Source "ChessBase"]
[SourceDate "2023.09.30"]
[SourceVersion "1"]
[SourceVersionDate "2023.09.30"]
[SourceQuality "1"]

1. e4 c6 2. Nf3 d5 3. Nc3 dxe4 4. Nxe4 Nf6 5. Qe2 Nxe4 6. Qxe4 Nd7 7. Bc4 Nf6 8. Ne5 e6 9. Qe2 b5 10. Bb3 Qc7 11. d4 Bd6 12. 0-0 0-0 13. Bf4 c5 14. dxc5 Qxc5 15. Rad1 Bb7 16. Rd3 Bd5 17. Bxd5 Nxd5 18. Bg3 Qc7 19. c3 a5 20. Rfd1 a4 21. a3 Rad8 22. Nf3 Qc4 23. Bxd6 Rxd6 24. g3 Rfd8 25. Nd4 h6 26. R3d2 Nb6 27. Qe1 Qc5 28. Re2 Nc4 29. f4 Rd5 30. Qf2 Nxb2 31. Rxb2 Qxc3 32. Rbd2 Qxa3 33. Kg2 Qc5 34. Nf3 Qxf2+ 35. Kxf2 Rxd2+ 36. Rxd2 Ra8 37. Nd4 b4 38. Ra2 f6 39. Ke3 e5 40. fxe5 fxe5 41. Nf3 b3 42. Ra3 b2 43. Nd2 Rd8 44. Rd3 Rc8 45. Ra3 Rc2 46. Rxa4 Rxd2 47. Rb4 Rxh2 48. Ke4 Re2+ 49. Kf5 Kh7 50. Rb7 e4 51. Kf4 Kg6 52. g4 Kf6 53. Rb6+ Ke7 54. Kf5 Kd7 55. Kg6 Kc7 56. Rb3 e3 57. Kxg7 Rh2 58. Kg6 Kc6 59. Kf5 e2 60. Rxb2 Rf2+ 0-1

[Event "Online Olym Div Top-C"]
[Site "Chess.com INT"]
[Date "2021.09.11"]
[Round "9.4"]
[White "Felgaer, Ruben Alejandro"]
[Black "Stalmach, Richard"]
[Result "1-0"]
[WhiteElo "2572"]
[BlackElo "2333"]
[PlyCount "79"]
[EventDate "2021.09.09"]
[EventType "team (rapid)"]
[EventRounds "9"]
[EventCountry "USA"]
[SourceTitle "CBM 204 Extra"]
[Source "ChessBase"]
[SourceDate "2021.11.30"]
[SourceVersion "1"]
[SourceVersionDate "2021.11.30"]
[SourceQuality "1"]
[WhiteTeam "Argentina"]
[BlackTeam "Czech Republic"]
[WhiteTeamCountry "ARG"]
[BlackTeamCountry "CZE"]

1. e4 c5 2. Nf3 Nc6 3. Bb5 g6 4. 0-0 Bg7 5. Re1 Nf6 6. e5 Nd5 7. b3 0-0 8. Bb2 a6 9. Bxc6 dxc6 10. d3 Bf5 11. Nbd2 Qc7 12. Ne4 b6 13. Ng3 Bd7 14. h3 Rfd8 15. Qd2 Qc8 16. c4 Nc7 17. Qg5 Re8 18. Qh4 Ne6 19. Ne4 Qc7 20. Rad1 Rad8 21. Qg3 Bh6 22. Bc1 Bg7 23. Bb2 Bh6 24. Qh4 Bg7 25. Neg5 Nxg5 26. Nxg5 h6 27. Nxf7 Kxf7 28. e6+ Kg8 29. Bxg7 Kxg7 30. exd7 Rxd7 31. Re6 Rd4 32. Re4 Qd6 33. Rde1 Rxe4 34. Qxe4 Qf6 35. g3 Kf7 36. Re3 Kg7 37. Kg2 a5 38. Qe6 h5 39. Qd7 Kf7 40. Rf3 1-0

[Event "Iberoamericano Chess24"]
[Site "chess24.com INT"]
[Date "2020.06.16"]
[Round "2.5"]
[White "Bachmann, Axel"]
[Black "Felgaer, Ruben Alejandro"]
[Result "1-0"]
[WhiteElo "2599"]
[BlackElo "2572"]
[PlyCount "143"]
[EventDate "2020.06.01"]
[EventType "k.o. (blitz)"]
[EventRounds "6"]
[EventCountry "ESP"]
[SourceTitle "CBM 197 Extra"]
[Source "ChessBase"]
[SourceDate "2020.09.30"]
[SourceVersion "1"]
[SourceVersionDate "2020.09.30"]
[SourceQuality "1"]

1. e4 d6 2. d4 Nf6 3. Nc3 c6 4. Nf3 Bg4 5. h3 Bh5 6. Bd3 e6 7. Qe2 Be7 8. g4 Bg6 9. g5 Nfd7 10. h4 Bh5 11. Qe3 d5 12. Bd2 Na6 13. a3 Nc7 14. Ne2 dxe4 15. Bxe4 Nd5 16. Qd3 b5 17. Ng3 Bg6 18. h5 Bxe4 19. Nxe4 Qc7 20. 0-0-0 0-0-0 21. Kb1 Kb8 22. c4 bxc4 23. Qxc4 Ka8 24. Rc1 Rc8 25. Ka1 Qb6 26. Rc2 Qb7 27. Rhc1 N7b6 28. Qe2 Nd7 29. Nc3 Bd6 30. Nxd5 exd5 31. Qd3 g6 32. Rc3 Nb6 33. Rb3 Rhe8 34. Bb4 Bf4 35. Rc2 Qd7 36. Bc5 Nc4 37. Ka2 Rb8 38. Rxb8+ Rxb8 39. b3 Nd6 40. Bxd6 Bxd6 41. h6 Qb7 42. Qc3 Rc8 43. b4 Qa6 44. Ne5 Bxe5 45. dxe5 Qb6 46. f4 Kb7 47. Qd3 Re8 48. Rc5 Re6 49. Qc3 a6 50. a4 Qa7 51. Kb3 Qb6 52. Ka3 Qa7 53. Qd4 Qb6 54. Qc3 Qa7 55. Kb3 Qb6 56. Kc2 Qa7 57. b5 axb5 58. axb5 Qa2+ 59. Kc1 Qf2 60. bxc6+ Kc8 61. Qb4 Qe3+ 62. Kb2 Qe2+ 63. Rc2 Qa6 64. Qf8+ Kc7 65. Qxf7+ Kb6 66. Qb7+ Qxb7 67. cxb7 Kxb7 68. Kc3 Ra6 69. Kd4 Ra4+ 70. Kxd5 Rxf4 71. e6 Rf5+ 72. Kd6 1-0

[Event "Iberoamericano Chess24"]
[Site "chess24.com INT"]
[Date "2020.06.01"]
[Round "1.2"]
[White "Espinosa Aranda, Angel"]
[Black "Felgaer, Ruben Alejandro"]
[Result "1/2-1/2"]
[WhiteElo "2506"]
[BlackElo "2572"]
[PlyCount "86"]
[EventDate "2020.06.01"]
[EventType "k.o. (blitz)"]
[EventRounds "6"]
[EventCountry "ESP"]
[SourceTitle "CBM 197 Extra"]
[Source "ChessBase"]
[SourceDate "2020.09.30"]
[SourceVersion "1"]
[SourceVersionDate "2020.09.30"]
[SourceQuality "1"]

1. e4 c5 2. Nf3 Nc6 3. d4 cxd4 4. Nxd4 g6 5. c4 Bg7 6. Be3 Nf6 7. Nc3 d6 8. Be2 0-0 9. f3 Nxd4 10. Bxd4 Be6 11. Qd2 Qa5 12. h4 Rfc8 13. b3 Nh5 14. Kf2 Bxd4+ 15. Qxd4 Qc5 16. Qxc5 Rxc5 17. g3 Kf8 18. Rhd1 Rac8 19. a4 a5 20. Nb5 Nf6 21. Rd2 Bd7 22. Nc3 Bc6 23. Re1 Nd7 24. Bd1 Nf6 25. f4 Bd7 26. e5 dxe5 27. fxe5 Ng4+ 28. Bxg4 Bxg4 29. Re4 Bf5 30. Ree2 Ke8 31. Nd5 Be6 32. Nf4 Bg4 33. Re3 Rd8 34. Nd5 Be6 35. Red3 Bxd5 36. Rxd5 Rdxd5 37. Rxd5 b6 38. Ke3 e6 39. Rxc5 bxc5 40. g4 h6 41. g5 hxg5 42. hxg5 Ke7 43. Kf4 Kd7 1/2-1/2

[Event "Iberoamericano Chess24"]
[Site "chess24.com INT"]
[Date "2020.06.01"]
[Round "1.1"]
[White "Felgaer, Ruben Alejandro"]
[Black "Espinosa Aranda, Angel"]
[Result "1-0"]
[WhiteElo "2572"]
[BlackElo "2506"]
[PlyCount "55"]
[EventDate "2020.06.01"]
[EventType "k.o. (blitz)"]
[EventRounds "6"]
[EventCountry "ESP"]
[SourceTitle "CBM 197 Extra"]
[Source "ChessBase"]
[SourceDate "2020.09.30"]
[SourceVersion "1"]
[SourceVersionDate "2020.09.30"]
[SourceQuality "1"]

1. e4 e6 2. d4 d5 3. Nc3 Nf6 4. Bg5 dxe4 5. Nxe4 Nbd7 6. Nf3 Be7 7. Nxf6+ Bxf6 8. Bxf6 Qxf6 9. Qd2 0-0 10. 0-0-0 e5 11. Bc4 exd4 12. Qxd4 Qxd4 13. Rxd4 Nb6 14. Bb3 Bf5 15. Rf4 Be6 16. Bxe6 fxe6 17. Re4 Rf6 18. Rhe1 Re8 19. R1e2 Nd5 20. Rd2 Nf4 21. Rd7 Nxg2 22. Rg4 Rxf3 23. Rgxg7+ Kf8 24. Rxh7 Kg8 25. Rdg7+ Kf8 26. Rxc7 Kg8 27. Rcg7+ Kf8 28. Rxb7 1-0

[Event "Buenos Aires Szmetan/Giardelli-A"]
[Site "Buenos Aires"]
[Date "2019.12.09"]
[Round "9"]
[White "Felgaer, Ruben Alejandro"]
[Black "Henriquez Villagra, Cristobal"]
[Result "1/2-1/2"]
[WhiteElo "2560"]
[BlackElo "2593"]
[PlyCount "122"]
[EventDate "2019.12.01"]
[EventType "tourn"]
[EventRounds "11"]
[EventCountry "ARG"]
[EventCategory "13"]
[SourceTitle "CBM 193 Extra"]
[Source "ChessBase"]
[SourceDate "2020.01.31"]
[SourceVersion "1"]
[SourceVersionDate "2020.01.31"]
[SourceQuality "1"]

1. e4 e5 2. Nf3 Nc6 3. Bb5 g6 4. d4 exd4 5. Bg5 Be7 6. Bxe7 Qxe7 7. Bxc6 dxc6 8. Qxd4 Nf6 9. Nc3 Bg4 10. 0-0-0 Bxf3 11. gxf3 0-0 12. f4 Nh5 13. f5 Rfd8 14. Qe3 Qe5 15. Rxd8+ Rxd8 16. Qxa7 b6 17. fxg6 hxg6 18. a4 Nf6 19. Rd1 Rxd1+ 20. Nxd1 Kg7 21. a5 bxa5 22. f3 Qxh2 23. Qe3 Qe5 24. Nf2 Kg8 25. Nd3 Qg3 26. Kd2 Nd7 27. b3 Nf8 28. Nc5 Qd6+ 29. Kc1 Qe5 30. Kb1 g5 31. Qg1 Qf6 32. Nd3 Ng6 33. Qg3 Kg7 34. Ka2 c5 35. Kb1 c6 36. Qg4 c4 37. bxc4 a4 38. Qg3 a3 39. e5 Qd8 40. Ka2 Qd4 41. Qxg5 Qxc4+ 42. Kxa3 Qc3+ 43. Ka2 Qxc2+ 44. Nb2 Qc3 45. Qf6+ Kg8 46. Qd8+ Kh7 47. f4 Qh3 48. Qf6 Qd7 49. Kb1 Qd5 50. Qf5 Kg7 51. Nd3 c5 52. Kc2 c4 53. Nb2 Qd4 54. Qf6+ Kg8 55. Qg5 Kf8 56. Qg4 Qf2+ 57. Kc3 Nxf4 58. Qc8+ Kg7 59. Qg4+ Kh6 60. Nxc4 Qe1+ 61. Kb3 Ng6 1/2-1/2

[Event "Buenos Aires Szmetan/Giardelli-A"]
[Site "Buenos Aires"]
[Date "2019.12.03"]
[Round "3"]
[White "Felgaer, Ruben Alejandro"]
[Black "Perez Ponsa, Federico"]
[Result "1-0"]
[WhiteElo "2560"]
[BlackElo "2566"]
[PlyCount "79"]
[EventDate "2019.12.01"]
[EventType "tourn"]
[EventRounds "11"]
[EventCountry "ARG"]
[EventCategory "13"]
[SourceTitle "CBM 193 Extra"]
[Source "ChessBase"]
[SourceDate "2020.01.31"]
[SourceVersion "1"]
[SourceVersionDate "2020.01.31"]
[SourceQuality "1"]

1. e4 c6 2. d4 d5 3. Nc3 dxe4 4. Nxe4 Bf5 5. Nc5 e5 6. Nxb7 Qb6 7. Nc5 exd4 8. Nb3 Bb4+ 9. Bd2 Bxd2+ 10. Qxd2 c5 11. Bd3 Bxd3 12. Qxd3 Nf6 13. Qe2+ Kf8 14. Nf3 Nbd7 15. 0-0 g6 16. Rfe1 Kg7 17. Qc4 Qd6 18. Rad1 a5 19. c3 a4 20. Nc1 Qd5 21. Qd3 Qb7 22. cxd4 Qxb2 23. dxc5 Nxc5 24. Qc4 Ne6 25. Rxe6 fxe6 26. Qc7+ Kh6 27. g4 g5 28. h4 Rhg8 29. hxg5+ Rxg5 30. Nxg5 Nxg4 31. Nd3 Qg7 32. Qxg7+ Kxg7 33. Nxe6+ Kf6 34. Nec5 Rg8 35. Kf1 Nh2+ 36. Ke2 Re8+ 37. Kd2 Nf3+ 38. Kc3 h5 39. Rh1 Kg5 40. Rh3 1-0

[Event "Buenos Aires Szmetan/Giardelli-A"]
[Site "Buenos Aires"]
[Date "2019.12.02"]
[Round "2"]
[White "Slipak, Sergio"]
[Black "Felgaer, Ruben Alejandro"]
[Result "0-1"]
[WhiteElo "2384"]
[BlackElo "2560"]
[PlyCount "104"]
[EventDate "2019.12.01"]
[EventType "tourn"]
[EventRounds "11"]
[EventCountry "ARG"]
[EventCategory "13"]
[SourceTitle "CBM 193 Extra"]
[Source "ChessBase"]
[SourceDate "2020.01.31"]
[SourceVersion "1"]
[SourceVersionDate "2020.01.31"]
[SourceQuality "1"]

1. d4 Nf6 2. Nf3 c6 3. e3 d5 4. Bd3 Bg4 5. Nbd2 Nbd7 6. h3 Bh5 7. b3 e5 8. g4 e4 9. gxh5 exd3 10. cxd3 Nxh5 11. Bb2 g6 12. Ne5 Bd6 13. Qg4 Nf8 14. 0-0 f6 15. Nef3 Kf7 16. Nh4 Ng7 17. f4 f5 18. Qg3 Nfe6 19. Nhf3 Qa5 20. Qe1 Qa6 21. Rd1 Rhe8 22. Ne5+ Bxe5 23. fxe5 Kg8 24. Bc3 Qxa2 25. Bb4 Qa6 26. Nf3 Qb6 27. Bd6 f4 28. exf4 Nxd4 29. Nxd4 Qxd4+ 30. Qf2 Qxf2+ 31. Kxf2 Nf5 32. Ba3 a5 33. Bc5 Kf7 34. Ra1 Ra6 35. b4 Rea8 36. bxa5 Rxa5 37. Rxa5 Rxa5 38. d4 Ra2+ 39. Kf3 Rb2 40. Ra1 Rb5 41. Kf2 b6 42. Ra7+ Ke6 43. Bf8 Rb2+ 44. Kf3 Nxd4+ 45. Ke3 Nf5+ 46. Kd3 Rb3+ 47. Kd2 Rxh3 48. Rc7 Nd4 49. Rb7 Rf3 50. Re7+ Kf5 51. Rf7+ Ke4 52. Bd6 c5 0-1

[Event "Chess24 Banter Blitz Cup"]
[Site "chess24.com INT"]
[Date "2019.10.08"]
[Round "1.10"]
[White "Donchenko, Alexander"]
[Black "Felgaer, Ruben Alejandro"]
[Result "1-0"]
[WhiteElo "2631"]
[BlackElo "2560"]
[PlyCount "117"]
[EventDate "2019.09.25"]
[EventType "k.o. (blitz)"]
[EventRounds "7"]
[EventCountry "USA"]
[SourceTitle "CBM 195 Extra"]
[Source "ChessBase"]
[SourceDate "2020.05.31"]
[SourceVersion "1"]
[SourceVersionDate "2020.05.31"]
[SourceQuality "1"]

1. d4 c5 2. d5 g6 3. c4 Bg7 4. Nc3 d6 5. e4 e6 6. Nf3 Ne7 7. Bd3 0-0 8. 0-0 Nd7 9. Bf4 e5 10. Be3 h6 11. Qd2 Kh7 12. a3 f5 13. exf5 gxf5 14. Nh4 Nf6 15. h3 e4 16. Bc2 a6 17. a4 Qe8 18. g3 Qf7 19. Ne2 Ng6 20. Nxg6 Qxg6 21. Nf4 Qf7 22. Rab1 a5 23. Kg2 Nh5 24. Nxh5 Qxh5 25. Bf4 Qg6 26. f3 Bd7 27. Rbe1 Rae8 28. b3 b6 29. Re2 exf3+ 30. Rxf3 Rxe2+ 31. Qxe2 Re8 32. Re3 Rxe3 33. Qxe3 Qf6 34. Qd2 Kg8 35. Kh2 Kf8 36. Bd1 Be8 37. Bf3 Bf7 38. Qe3 Bg6 39. h4 Bf7 40. Bg2 Be8 41. Bh3 Bd7 42. Qd2 h5 43. Bg2 Qd4 44. Qe2 Be5 45. Bh6+ Ke7 46. Bg5+ Kf8 47. Qxh5 Qf2 48. Qh6+ Ke8 49. Bf4 Bxf4 50. gxf4 Kd8 51. Qg5+ Kc7 52. h5 Be8 53. h6 Bg6 54. Qxg6 Qh4+ 55. Kg1 Qe1+ 56. Bf1 Qe3+ 57. Kh1 Qf3+ 58. Bg2 Qd1+ 59. Kh2 1-0

[Event "Chess24 Banter Blitz Cup"]
[Site "chess24.com INT"]
[Date "2019.10.08"]
[Round "1.7"]
[White "Felgaer, Ruben Alejandro"]
[Black "Donchenko, Alexander"]
[Result "0-1"]
[WhiteElo "2560"]
[BlackElo "2631"]
[PlyCount "120"]
[EventDate "2019.09.25"]
[EventType "k.o. (blitz)"]
[EventRounds "7"]
[EventCountry "USA"]
[SourceTitle "CBM 195 Extra"]
[Source "ChessBase"]
[SourceDate "2020.05.31"]
[SourceVersion "1"]
[SourceVersionDate "2020.05.31"]
[SourceQuality "1"]

1. e4 c6 2. Nc3 d5 3. Nf3 dxe4 4. Nxe4 Nf6 5. Qe2 Nxe4 6. Qxe4 Nd7 7. d4 Nf6 8. Qh4 Bf5 9. c3 e6 10. Be2 Be7 11. 0-0 0-0 12. Re1 h6 13. Ne5 c5 14. Qg3 Ne4 15. Qe3 cxd4 16. cxd4 Nf6 17. Bf3 Nd5 18. Qb3 Qa5 19. Be3 Qb4 20. Bxd5 exd5 21. Qxd5 Be6 22. Qf3 Qxb2 23. d5 Qxe5 24. dxe6 Qxe6 25. Bc5 Bxc5 26. Rxe6 fxe6 27. Qxb7 Bxf2+ 28. Kh1 Bb6 29. g3 Rae8 30. Qd7 e5 31. Re1 Kh8 32. Qd5 Bd4 33. a4 Rf2 34. a5 Rc8 35. Rb1 Re8 36. Qc6 Ref8 37. Qe4 Re8 38. a6 Rf6 39. Rb7 Rxa6 40. Qg4 Rg8 41. Kg2 Rf6 42. Qe4 Rf2+ 43. Kh1 Rf6 44. Rc7 Rf2 45. Rb7 Rc8 46. Rb1 Rfc2 47. Qf5 R2c3 48. Qg6 R3c6 49. Qf5 Re8 50. Qe4 Rf6 51. Qd5 Ref8 52. Qb5 Re6 53. Qd3 Bb6 54. Qe4 Re7 55. Qd5 e4 56. Qd6 Rfe8 57. Rxb6 axb6 58. Qxb6 e3 59. Qb2 e2 60. Qxe2 Rxe2 0-1

[Event "Caioba Telecom op 5th"]
[Site "Caioba"]
[Date "2019.08.18"]
[Round "9"]
[White "Quintiliano Pinto, Renato Rodrigues"]
[Black "Felgaer, Ruben Alejandro"]
[Result "1/2-1/2"]
[WhiteElo "2455"]
[BlackElo "2559"]
[PlyCount "95"]
[EventDate "2019.08.12"]
[EventType "swiss"]
[EventRounds "9"]
[EventCountry "BRA"]
[SourceTitle "EXT 2020"]
[Source "ChessBase"]
[SourceDate "2019.10.17"]
[SourceVersion "1"]
[SourceVersionDate "2019.10.17"]
[SourceQuality "1"]

1. d4 d5 2. c4 c6 3. cxd5 cxd5 4. Bg5 Nc6 5. Nc3 Bf5 6. f3 h6 7. Bh4 g5 8. Bf2 Nf6 9. e4 dxe4 10. d5 e3 11. Bxe3 Ne5 12. Bd4 Nfd7 13. h4 Rg8 14. hxg5 hxg5 15. g4 Bg6 16. Nh3 Bh6 17. Bb5 Kf8 18. Bxd7 Nd3+ 19. Kf1 Qxd7 20. Nf2 Nxf2 21. Kxf2 Bg7 22. Bxg7+ Kxg7 23. Qd4+ f6 24. Qe3 Rh8 25. Kg2 Bf7 26. Rae1 Rxh1 27. Rxh1 a6 28. Kf2 Qd6 29. a3 Re8 30. Qe4 Bg6 31. Qb4 Qxb4 32. axb4 Rc8 33. Re1 Rc7 34. Re6 Bf7 35. Re4 Kf8 36. Ke3 Rd7 37. Rd4 Ke8 38. Ke4 Rd6 39. b5 a5 40. Ra4 b6 41. Rc4 Kd7 42. Rc6 e6 43. Kd4 exd5 44. Rxd6+ Kxd6 45. Na4 Kc7 46. Nc3 Kd6 47. Na4 Kc7 48. Nc3 1/2-1/2

[Event "Caioba Telecom op 5th"]
[Site "Caioba"]
[Date "2019.08.17"]
[Round "8"]
[White "Felgaer, Ruben Alejandro"]
[Black "Di Berardino, Diego Rafael"]
[Result "1/2-1/2"]
[WhiteElo "2559"]
[BlackElo "2482"]
[PlyCount "108"]
[EventDate "2019.08.12"]
[EventType "swiss"]
[EventRounds "9"]
[EventCountry "BRA"]
[SourceTitle "EXT 2020"]
[Source "ChessBase"]
[SourceDate "2019.10.17"]
[SourceVersion "1"]
[SourceVersionDate "2019.10.17"]
[SourceQuality "1"]

1. e4 c5 2. Nc3 e6 3. Nf3 a6 4. d4 cxd4 5. Nxd4 b5 6. Bd3 Bb7 7. 0-0 Nc6 8. Nxc6 Bxc6 9. Re1 Bc5 10. Qh5 Qb6 11. Be3 Bxe3 12. Rxe3 Ne7 13. Nd5 Qd8 14. Nxe7 Qxe7 15. e5 h6 16. Rg3 g6 17. Qg4 h5 18. Qf4 h4 19. Rg4 h3 20. g3 a5 21. a3 Rb8 22. c3 Qc5 23. Qd4 Qxd4 24. Rxd4 Ke7 25. f4 f5 26. exf6+ Kxf6 27. Re1 b4 28. axb4 axb4 29. cxb4 Rb6 30. g4 Rhb8 31. g5+ Ke7 32. b5 Bxb5 33. Bxg6 Bc6 34. Bf5 Rxb2 35. Bxh3 Rh8 36. Rd3 Kf7 37. Rg3 Kg6 38. Bg2 Bxg2 39. Rxg2 Rb4 40. Rf2 Rh4 41. Ref1 Kf5 42. Rf3 Rg4+ 43. Kh1 e5 44. fxe5+ Kxg5 45. Rf5+ Kh6 46. Rd1 Rbd4 47. Rf6+ Kh5 48. Rdf1 Rg5 49. e6 dxe6 50. Rxe6 Rg6 51. Re8 Kh6 52. Rh8+ Kg7 53. Rh3 Rdd6 54. Rc3 Rc6 1/2-1/2

[Event "Cartagena Bolivar Cup"]
[Site "Cartagena"]
[Date "2019.04.23"]
[Round "2"]
[White "Rodriguez Vila, Andres"]
[Black "Felgaer, Ruben Alejandro"]
[Result "1/2-1/2"]
[WhiteElo "2480"]
[BlackElo "2566"]
[PlyCount "53"]
[EventDate "2019.04.22"]
[EventType "swiss"]
[EventRounds "14"]
[EventCountry "COL"]
[SourceTitle "CBM 190 Extra"]
[Source "ChessBase"]
[SourceDate "2019.07.15"]
[SourceVersion "1"]
[SourceVersionDate "2019.07.15"]
[SourceQuality "1"]

1. e4 c5 2. Nf3 Nc6 3. d4 cxd4 4. Nxd4 Nf6 5. Nc3 e5 6. Ndb5 d6 7. Bg5 a6 8. Na3 b5 9. Nd5 Be7 10. Bxf6 Bxf6 11. c3 Bg5 12. Nc2 0-0 13. a4 bxa4 14. Rxa4 a5 15. Nce3 Rb8 16. Qc2 Be6 17. Bc4 Bxe3 18. Nxe3 Qb6 19. Bd5 Rfc8 20. 0-0 Qxb2 21. Qxb2 Rxb2 22. Nc4 Rbb8 23. Nxd6 Rd8 24. Nxf7 Kxf7 25. Bxc6 Rd6 26. Bd5 Bxd5 27. exd5 1/2-1/2

[Event "Cartagena Bolivar Cup"]
[Site "Cartagena"]
[Date "2019.04.22"]
[Round "1.3"]
[White "Felgaer, Ruben Alejandro"]
[Black "Rios Parra, Alejandro"]
[Result "1-0"]
[WhiteElo "2532"]
[BlackElo "2201"]
[PlyCount "93"]
[EventDate "2019.04.22"]
[EventType "swiss"]
[EventRounds "14"]
[EventCountry "COL"]
[SourceTitle "EXT 2024"]
[Source "ChessBase"]
[SourceDate "2023.10.10"]
[SourceVersion "1"]
[SourceVersionDate "2023.10.10"]
[SourceQuality "1"]

1. e4 c5 2. Nf3 d6 3. d4 cxd4 4. Nxd4 Nf6 5. Nc3 g6 6. g3 Nc6 7. Nde2 Bg7 8. Bg2 0-0 9. 0-0 Bd7 10. Nd5 Rc8 11. c3 Ne5 12. a4 a6 13. h3 b5 14. axb5 Bxb5 15. Kh2 Nd3 16. Nd4 Nxc1 17. Nxb5 axb5 18. Rxc1 Nxd5 19. exd5 Qb6 20. Qe2 Rc7 21. Ra1 Bf6 22. Ra2 b4 23. Ra6 Qc5 24. cxb4 Qxb4 25. Rb1 Rb8 26. Rc6 Rcb7 27. b3 Qa3 28. Ra6 Qc5 29. Rc6 Qd4 30. Rc4 Qe5 31. Qd3 Qf5 32. Qxf5 gxf5 33. b4 Be5 34. f4 Bf6 35. h4 Kf8 36. Bf1 Ra8 37. b5 Ra2+ 38. Kh3 Rb6 39. Rc8+ Kg7 40. Rc6 Bd4 41. Re1 Kf6 42. Rb1 Bc5 43. Rc1 Bd4 44. Rb1 Bc5 45. Rd1 Bg1 46. Bc4 Bf2 47. Bxa2 1-0

[Event "Montevideo Duchamp Cup 3rd"]
[Site "Montevideo"]
[Date "2019.02.16"]
[Round "9"]
[White "Hernandez Guerrero, Gilberto Eduardo"]
[Black "Felgaer, Ruben Alejandro"]
[Result "1/2-1/2"]
[WhiteElo "2533"]
[BlackElo "2562"]
[PlyCount "90"]
[EventDate "2019.02.09"]
[EventType "swiss"]
[EventRounds "9"]
[EventCountry "URU"]
[SourceTitle "CBM 188 Extra"]
[Source "ChessBase"]
[SourceDate "2019.02.26"]
[SourceVersion "1"]
[SourceVersionDate "2019.02.26"]
[SourceQuality "1"]

1. e4 c5 2. Nf3 e6 3. d4 cxd4 4. Nxd4 a6 5. Be2 Nf6 6. Nc3 d6 7. 0-0 Nc6 8. Be3 Be7 9. f4 0-0 10. Kh1 Bd7 11. Qe1 b5 12. a3 Qb8 13. Bd3 b4 14. axb4 Nxb4 15. Qe2 Rc8 16. g4 g6 17. g5 Nh5 18. Qf2 Nxd3 19. cxd3 Qb7 20. Kg1 Ng7 21. Ra2 Rf8 22. Qg2 Bd8 23. Ra3 Rb8 24. Rfa1 a5 25. Nb3 a4 26. Nd2 Qxb2 27. Nxa4 Bxa4 28. Rxa4 Bb6 29. Qf2 Bxe3 30. Qxe3 d5 31. R4a2 Qc3 32. Ra3 Qc2 33. R3a2 Rb2 34. Rxb2 Qxb2 35. Rf1 Rc8 36. Nf3 Rc2 37. exd5 exd5 38. Qe5 Ne6 39. Qxd5 Nxf4 40. Qd8+ Kg7 41. Qf6+ Qxf6 42. gxf6+ Kg8 43. Ne5 Nd5 44. Ra1 Nxf6 45. Ra8+ Kg7 1/2-1/2